| 000 | 02002nam a2200397 a 4500 | ||
|---|---|---|---|
| 001 | ebr10300835 | ||
| 003 | CaPaEBR | ||
| 006 | m u | ||
| 007 | cr cn||||||||| | ||
| 008 | 080321s2008 enka sb 001 0 eng | ||
| 010 | _z 2008013078 | ||
| 020 | _z9781405184533 (pbk. : alk. paper) | ||
| 020 | _z1405184531 (pbk. : alk. paper) | ||
| 020 | _z9781405184540 (hardcover : alk. paper) | ||
| 020 | _z140518454X (hardcover : alk. paper) | ||
| 040 |
_aCaPaEBR _cCaPaEBR |
||
| 035 | _a(OCoLC)318240357 | ||
| 043 | _an-us--- | ||
| 050 | 1 | 4 |
_aP120.R32 _bH55 2008eb |
| 082 | 0 | 4 |
_a306.44089 _222 |
| 100 | 1 | _aHill, Jane H. | |
| 245 | 1 | 4 |
_aThe everyday language of white racism _h[electronic resource] / _cJane H. Hill. |
| 260 |
_aChichester, U.K. ; _aMalden, MA : _bWiley-Blackwell, _c2008. |
||
| 300 |
_aix, 224 p. : _bill. |
||
| 490 | 1 |
_aBlackwell studies in discourse and culture ; _v3 |
|
| 504 | _aIncludes bibliographical references (p. [197]-216) and index. | ||
| 505 | 0 | _aThe persistence of white racism -- Language in white racism: an overview -- The social life of slurs -- Gaffes: racist talk without racists -- Covert racist discourse: metaphors, mocking, and the racialization of historically Spanish-speaking populations in the United States -- Linguistic appropriation: the history of white racism is embedded in American English -- Everyday language, white racist culture, respect, and civility. | |
| 533 |
_aElectronic reproduction. _bPalo Alto, Calif. : _cebrary, _d2013. _nAvailable via World Wide Web. _nAccess may be limited to ebrary affiliated libraries. |
||
| 650 | 0 | _aRacism in language. | |
| 650 | 0 |
_aRacism _zUnited States. |
|
| 650 | 0 |
_aDiscourse analysis _xSocial aspects _zUnited States. |
|
| 655 | 7 |
_aElectronic books. _2local |
|
| 710 | 2 | _aebrary, Inc. | |
| 830 | 0 |
_aBlackwell studies in discourse and culture ; _v3. |
|
| 856 | 4 | 0 |
_uhttp://site.ebrary.com/lib/rucke/Doc?id=10300835 _zAn electronic book accessible through the World Wide Web; click to view |
| 999 |
_c66477 _d66477 |
||